Malá větrná elektrárna : Návod ke stavbě

Saved in:
Bibliographic Details
Main Author: Hallenga, Uwe (Author)
Format: Book
Language:Czech
Published: Ostrava : HEL, 1998
Edition:1. vyd.
Subjects:
Tags: Add Tag
No Tags, Be the first to tag this record!

MARC

LEADER 00000nam a22000003a 4500
001 stu51177
005 20150617225705.4
008 991202s1998----xr------------------cze-d
020 |a 8086167003 
040 |a STU  |b slo 
041 0 |a cze 
044 |a xr 
080 |a 621.311.24  |7 stu_us_auth*stu6753 
100 1 |a Hallenga, Uwe  |4 aut 
245 1 |a Malá větrná elektrárna :  |b Návod ke stavbě 
250 |a 1. vyd. 
260 |a Ostrava :  |b HEL,  |c 1998 
300 |a 62 s 
650 7 |a energia  |2 stusub 
650 7 |a energia veterná  |2 stusub 
996 |b 284AU00082  |c A*3803 U  |l AAKNAR  |s A  |a 24  |w stu51177_0001 
996 |c J*96217  |l JJK11  |s P  |a 0  |w stu51177_0002